Guide to building services for historic buildings (Record no. 102881)

MARC details
000 -LEADER
fixed length control field 00931cam a2200265 4500
008 - FIXED-LENGTH DATA ELEMENTS--GENERAL INFORMATION
fixed length control field 030606n2002 000 0 eng u
020 ## - INTERNATIONAL STANDARD BOOK NUMBER
International Standard Book Number 1903287308
035 ## - SYSTEM CONTROL NUMBER
System control number (Sirsi) u122550
041 ## - LANGUAGE CODE
Language code of text/sound track or separate title eng
050 ## - LIBRARY OF CONGRESS CALL NUMBER
Classification number 697
-- 18
110 ## - MAIN ENTRY--CORPORATE NAME
Corporate name or jurisdiction name as entry element Chartered Institution of Building Services Engineers
9 (RLIN) 2360
245 ## - TITLE STATEMENT
Title Guide to building services for historic buildings
Remainder of title sustainable services for traditional buildings
260 ## - PUBLICATION, DISTRIBUTION, ETC.
Place of publication, distribution, etc. London
Name of publisher, distributor, etc. CIBSE
Date of publication, distribution, etc. 2002
300 ## - PHYSICAL DESCRIPTION
Extent 88p.
Other physical details ill.
Dimensions 30cm.
350 ## - PRICE (NR) (BK AM CF MU VM SE) [OBSOLETE]
Price 50
520 ## - SUMMARY, ETC.
Summary, etc. Provides advice and guidance on how to plan, install and upgrade sustainable building services in historic and traditional buildings. Includes case studies.
650 ## - SUBJECT ADDED ENTRY--TOPICAL TERM
Topical term or geographic name entry element ENERGY EFFICIENT
650 ## - SUBJECT ADDED ENTRY--TOPICAL TERM
Topical term or geographic name entry element TRADITIONAL BUILDINGS
650 ## - SUBJECT ADDED ENTRY--TOPICAL TERM
Topical term or geographic name entry element HISTORIC BUILDINGS
650 ## - SUBJECT ADDED ENTRY--TOPICAL TERM
Topical term or geographic name entry element Block management
9 (RLIN) 6220
690 ## - LOCAL SUBJECT ADDED ENTRY--TOPICAL TERM (OCLC, RLIN)
Topical term or geographic name as entry element Block management
9 (RLIN) 6220
710 ## - ADDED ENTRY--CORPORATE NAME
Corporate name or jurisdiction name as entry element Carbon Trust
9 (RLIN) 4377
710 ## - ADDED ENTRY--CORPORATE NAME
Corporate name or jurisdiction name as entry element Action Energy
942 ## - ADDED ENTRY ELEMENTS (KOHA)
Suppress in OPAC 0
Holdings
Withdrawn status Lost status Damaged status Not for loan Home library Current library Shelving location Date acquired Cost, normal purchase price Total Checkouts Full call number Barcode Date last seen Date last checked out Copy number Cost, replacement price Price effective from Koha item type Source of classification or shelving scheme
  Missing     London London Missing 13/08/2003 42.50 9 F697 CHA 30068599 06/08/2019 07/07/2009 1 42.50 06/08/2019 Book  
        London London Folio 15/02/2006   3 F697 CHA 30071563 06/08/2019 17/08/2009 2   06/08/2019 Book Dewey Decimal Classification